000 00751cam a22002531 4500
001 sa 65006477
003 DLC
005 20260227112142.0
008 890802s1962 ii d 001 0 kano
010 _asa 65006477
035 _a(OCoLC)20113295
040 _aDLC
_cWaU
_dDLC
042 _apremarc
050 0 0 _aPL4651
_b.I5
245 0 0 _aIndina Kannaḍa barahagāraru.
260 _c1962.
300 _aviii, 119 p.
_c21 cm.
500 _aAdded t. p.: Who's who of Kannada writers.
500 _aIn Kannada; "Index of authors" in English.
650 0 _aAuthors, Kannada
_vDictionaries.
650 0 _aAnonyms and pseudonyms, Kannada.
710 2 _aSouthern Languages Book Trust (Madras, India)
740 0 _aWho's who of Kannada writers.
999 _c64672
_d64672